AC Milan Squad 2019-2020 - Statistics

General Stats
  • This quiz has been taken 38 times
  • The average score is 24 of 32
Answer Stats
# Position Nation Player % Correct
4 MF Algeria Ismaël Bennacer
93%
18 FW Croatia Ante Rebić
90%
17 FW Portugal Rafael Leão
90%
90 GK Italy Antonio Donnarumma
86%
1 GK Bosnia and Herzegovina Asmir Begović
86%
79 MF Ivory Coast Franck Kessié
86%
99 GK Italy Gianluigi Donnarumma
86%
10 FW Turkey Hakan Çalhanoğlu
86%
7 FW Spain Samu Castillejo
86%
24 DF Denmark Simon Kjær
86%
19 DF France Theo Hernández
86%
2 DF Italy Davide Calabria
83%
33 MF Bosnia and Herzegovina Rade Krunić
83%
8 FW Spain Suso
83%
21 FW Sweden Zlatan Ibrahimović
83%
20 MF Argentina Lucas Biglia
79%
68 DF Switzerland Ricardo Rodríguez
79%
9 FW Poland Krzysztof Piątek
76%
- Coach Italy Stefano Pioli
76%
13 DF Italy Alessio Romagnoli
72%
56 MF Belgium Alexis Saelemaekers
72%
22 DF Argentina Mateo Musacchio
72%
93 MF Uruguay Diego Laxalt
69%
46 DF Italy Matteo Gabbia
69%
25 GK Spain Pepe Reina
66%
- Coach Italy Marco Giampaolo
59%
5 MF Italy Giacomo Bonaventura
55%
39 MF Brazil Lucas Paquetá
55%
12 DF Italy Andrea Conti
52%
31 DF Italy Mattia Caldara
52%
11 FW Italy Fabio Borini
38%
43 DF Brazil Léo Duarte
38%
No matching quizzes found
Score Distribution
Percent of People with Each Score
Percentile by Number Answered
Your Score History
You have not taken this quiz